00603pam a2200193 a 4500008004100000020002200041050001600063100002200079245012000101260004700221300004500268500002200313650001900335650001300354700001500367003000100382005001700383040000900400  a0443026726 (pbk.)00aQM23.2bROG1 aRogers, Andrew W.10aTextbook of anatomy /cA.W. Rogers ; with contributions by S. Jacobs ; illustrations by Marks Creative Consultants. aEdinburgh :bChurchill Livingstone,c1992. axi, 779 p. :bill. (some col.) ;c28 cm. aIncludes indexes. 0aHuman anatomy. 2aAnatomy.1 aJacobs, S.20230123124908.0 cNUST